000 00581nam a2200193 a 4500
001 000021538
005 20200930011347.0
008 100908s1985 sp r 000 p spa d
020 _a8485641531
040 _aDO-SdBNP
_bspa
_cBNPHU
082 _aNNN
_bB874a
100 1 _aBrossa, Joan,
_d1919-1998
_944907
245 1 0 _aPoemes de Joan Brossa :
_b(Antología) /
_cJoan Brossa ; traducción de Andrés Sánchez Robayna y Mireia Mur.
260 _aMadrid :
_bLibertarias,
_c1985.
300 _a49, [2] p. ;
_c20 cm.
490 1 _aPoesía
830 0 _aPoesía
_91183
049 _aBNGR
999 _c21037
_d21037